El nuevo rostro del mundo (Record no. 499)

MARC details
000 -LEADER
campo de control de longitud fija 00607nam a22001577a 4500
008 - DATOS DE LONGITUD FIJA--INFORMACIÓN GENERAL
campo de control de longitud fija 150327b xxu||||| |||| 00| 0 eng d
020 ## - NÚMERO INTERNACIONAL ESTÁNDAR DEL LIBRO
Número Internacional Estándar del Libro 9568134085
082 ## - NÚMERO DE LA CLASIFICACIÓN DECIMAL DEWEY
Número de clasificación 303.625
Número de ítem N 964n
110 ## - ENTRADA PRINCIPAL--NOMBRE DE ENTIDAD CORPORATIVA
Nombre de entidad corporativa o nombre de jurisdicción como elemento de entrada Le Monde diplomatique
9 (RLIN) 2343
245 ## - MENCIÓN DEL TÍTULO
Título El nuevo rostro del mundo
Resto del título El planeta después del 11 de septiembre de 2001
260 ## - PUBLICACIÓN, DISTRIBUCIÓN, ETC.
Lugar de publicación, distribución, etc. Santiago de Chile
Nombre del editor, distribuidor, etc. Editorial Aún creemos en los sueños
Fecha de publicación, distribución, etc. 2002
300 ## - DESCRIPCIÓN FÍSICA
Extensión 88 p.
Dimensiones 21 cm
440 ## - MENCIÓN DE SERIE/PUNTO DE ACCESO ADICIONAL--TÍTULO
Título Le Monde diplomatique
9 (RLIN) 2344
650 ## - PUNTO DE ACCESO ADICIONAL DE MATERIA--TÉRMINO DE MATERIA
Subdivisión general 11 de septiembre, ataque terrorista, 2001
-- Terrorismo-Estados Unidos
-- Ataques terroristas
9 (RLIN) 2345
710 ## - ENTRADA AGREGADA--NOMBRE DE ENTIDAD CORPORATIVA
Nombre de entidad corporativa o nombre de jurisdicción como elemento de entrada Le Monde diplomatique
9 (RLIN) 2346
Holdings
Estatus retirado Estado de pérdida Fuente del sistema de clasificación o colocación Estado de daño No para préstamo Biblioteca de origen Biblioteca actual Ubicación en estantería Fecha de adquisición Total de préstamos Signatura topográfica completa Código de barras Visto por última vez Precio de reemplazo Tipo de ítem Koha
    Clasificación Decimal Dewey     Biblioteca LadoV Biblioteca LadoV   27/03/2015   303.625 N 964n 000374 27/03/2015 27/03/2015 Material 01